| 000 | 01682cam a2200397 i 4500 | ||
|---|---|---|---|
| 001 | 17670114 | ||
| 003 | NUST | ||
| 005 | 20221227190424.0 | ||
| 008 | 130322s2013 nyu b 001 0 eng | ||
| 010 | _a 2013009501 | ||
| 020 | _a978-0-231-16427-6 | ||
| 020 | _a9780231164269 (cloth : alk. paper) | ||
| 040 |
_aDLC _beng _cDLC _erda _dDLC |
||
| 042 | _apcc | ||
| 043 |
_ae-uk--- _aa-iq--- _aa-af--- |
||
| 050 | 0 | 0 |
_aU241 _b.U255 2013 |
| 082 | 0 | 0 |
_a355.02180941,UCK _223 |
| 100 | 1 |
_aUcko, David H. _9106132 |
|
| 245 | 1 | 0 |
_aCounterinsurgency in crisis : _bBritain and the challenges of modern warfare / _cDavid H. Ucko and Robert Egnell. |
| 264 | 1 |
_aNew York : _bColumbia University Press, _c[2013] |
|
| 300 |
_axxii, 221 pages ; _c24 cm. |
||
| 336 |
_atext _2rdacontent |
||
| 337 |
_aunmediated _2rdamedia |
||
| 338 |
_avolume _2rdacarrier |
||
| 490 | 0 | _aColumbia studies in terrorism and irregular warfare | |
| 505 | 0 | _aUntangling the British counterinsurgency legacy (Page-19),The British in Basra (Page-45), Act II: British counterinsurgency in Helmand (Page-75), "A horse and tank moment" (Page-109) Whither British counterinsurgency? (Page-145). | |
| 650 | 0 |
_aCounterinsurgency _zGreat Britain. _9106133 |
|
| 650 | 0 |
_aCounterinsurgency _zIraq _zBasra. _9106134 |
|
| 650 | 0 |
_aCounterinsurgency _zAfghanistan _zHelmand. _9106135 |
|
| 650 | 0 |
_aIraq War, 2003-2011 _xParticipation, British. _9106136 |
|
| 650 | 0 |
_aAfghan War, 2001- _xParticipation, British. _9106137 |
|
| 651 | 0 |
_aGreat Britain _xHistory, Military _y21st century. _9106138 |
|
| 700 | 1 |
_aEgnell, Robert. _9106139 |
|
| 906 |
_a7 _bcbc _corignew _d1 _eecip _f20 _gy-gencatlg |
||
| 942 |
_2ddc _cBK _k355.02180941,UCK |
||
| 999 |
_c592828 _d592828 |
||